03329nab a2200253uuc4500001000800000005001700008008004100025035001200066035002100078040001300099041000800112100005500120245015700175520240900332650002302741650003302764650003502797650002302832700004502855700004302900773010302943942001003046999001903056119551320240202094611.0100408e20091201 spa  a1195513 a(OCoLC)820534711 ccomduadb aspa10aSalcedo Mendoza, Jairo Guadalupe4auteaut953319610aProducción de jarabes de fructosa por medio de la hidrólisis enzimática del almidón de yuca de las variedades Corpoica M TAI-8 y Corpoica Orense3 aEl presente trabajo tuvo como objetivo la producción y evaluación del rendimiento de jarabes de fructosa a nivel de laboratorio, a partir de jarabes de glucosa obtenidos por medio de hidrólisis enzimática de almidones extraídos de dos variedades de yuca, C. Orense y C. M Tai-8. Para el desarrollo del trabajo, se implementó un diseño experimental de múltiple factor categórico completamente al azar con dos factores, el factor concentración de sustrato en cinco niveles (10, 20, 30, 40 y 50 % p/v de concentración de almidón) y el factor variedad de yuca en dos niveles (C. Orense y C. M Tai-8), con tres repeticiones, en un total de 30 unidades experimentales. Inicialmente, en la etapa de licuefacción el jarabe de glucosa fue obtenido por medio de la hidrólisis enzimática del almidón utilizando la enzima Termamyl 120 L, Posteriormente en la etapa de sacarificación se utilizo la enzima AMG 300L, las cuales fueron suministradas por Coldanzimas distribuidor de Novo Nordisk para Colombia. En el desarrollo de estas dos etapas, para una concentración de 30 % p/v, se alcanzaron 95.32 y 94.12 unidades de equivalentes de dextrosa (E.D) para C. Orense y C. M Tai-8 respectivamente. Los jarabes de glucosa obtenidos fueron sometidos a un proceso de isomerización por 15 horas en un reactor de lecho fijo, que contenía 10 gr de la enzima glucosa isomeraza inmovilizada Sweetzyme IT de Novozymes, utilizada para convertir la glucosa en fructsa. Durante el desarrollo de todo el proceso, para una concentración de almidón del 30% p/v, se alcanzaron porcentajes de conversión de 71.40% para C. Orense y de 74.93% para C. M Tai-8. Los jarabes obtenidos presentaron concentraciones de fructosa de 21.20 % p/p para la variedad C. Orense y 22.10% p/p para variedad M Tai-8, concentraciones que las ubican dentro de los jarabes de segunda generación. De acuerdo al análisis estadístico realizado a los datos experimentales, se presentan diferencias estadísticas a un nivel de significancia del 5% para la variable rendimiento de fructosa por variedades de yuca, y por concentraciones de almidón para la misma variedad, siendo obtenidos rendimientos máximos de 635.86 y Kg de fructosa/tonelada de almidón para la C. Orense y 674.707 Kg de fructosa/tonelada de almidón para C. M Tai-8 con respecto a la concentración inicial de almidón del 30% p/v. 7aYuca2lemb9120494 aJarabes de fructuosa9158954 aReactores de lecho fijo954448 7aYuca2lemb912049410aMontes M., Everaldo J.4auteaut958248310aPajaro S., José L.4auteaut96087720 tDYNA (Medellín)gVolumen 076, Número 160, Diciembre 2009, p. 121-130w188384x0012-7353082258 cARIMP c546107d546107